[Event "WJun Girls"]
[Site "Instanbul TUR"]
[Date "2005.11.22"]
[Round "13"]
[White "Purtseladze,M"]
[Black "Motoc,A"]
[Result "0-1"]
[WhiteElo "2338"]
[BlackElo "2313"]

1.d4 Nf6 2.c4 e6 3.Nf3 Bb4+ 4.Bd2 c5 5.Bxb4 cxb4 6.g3 O-O 7.Bg2 d6 8.O-O Re8
9.Nbd2 e5 10.e4 a5 11.c5 dxc5 12.dxe5 Nfd7 13.Nc4 Nc6 14.Nd6 Rf8 15.Bh3 Ndxe5
16.Nxe5 Bxh3 17.Nxc6 bxc6 18.Re1 Qf6 19.e5 Qe6 20.f4 Rad8 21.Qf3 f6 22.Qxc6 fxe5
23.fxe5 c4 24.Qe4 Rxd6 25.exd6 Rf1+ 26.Rxf1 Qxe4 27.Rf2 c3 28.bxc3 bxc3 29.d7 Bxd7
30.Rc1 h6 31.h4 Qe3 32.Rc2  0-1

[Event "18th Belgrade Trophy"]
[Site "Obrenovac SCG"]
[Date "2005.11.23"]
[Round "2"]
[White "Bylino,O"]
[Black "Ptacnikova,L"]
[Result "1/2-1/2"]
[WhiteElo "2350"]
[BlackElo "2181"]

1.Nf3 Nf6 2.d4 e6 3.c4 Bb4+ 4.Bd2 c5 5.g3 b6 6.Bg2 Bb7 7.dxc5 Bxd2+ 8.Qxd2 bxc5
9.Nc3 Ne4 10.Nxe4 Bxe4 11.O-O Qb6 12.Qf4 f5 13.b3 O-O 14.Rad1 a5 15.Rd6 Qb7
16.Qe5 a4 17.Qxc5 axb3 18.axb3 Qxb3 19.Nd2 Qc2 20.Nxe4 fxe4 21.Qe3 Ra2 22.Re1 Qxc4  1/2-1/2

[Event "ch-ROM w"]
[Site "Baile Tusnad ROM"]
[Date "2005.11.28"]
[Round "3"]
[White "Ciobanu,C"]
[Black "Padurariu,I"]
[Result "1/2-1/2"]
[WhiteElo "2262"]
[BlackElo "2204"]

1.d4 e6 2.c4 Nf6 3.Nf3 Bb4+ 4.Bd2 c5 5.Bxb4 cxb4 6.Nbd2 Nc6 7.e3 d6 8.Be2 a5
9.O-O O-O 10.a3 Bd7 11.Ne1 Qc7 12.Nd3 bxa3 13.bxa3 e5 14.d5 Nb8 15.Rb1 Na6
16.Qb3 e4 17.Nc1 Nc5 18.Qb6 Qb8 19.Na2 Bf5 20.Qb2 Nfd7 21.Qd4 Qd8 22.Nc3 Qe7
23.Rb5 Bg6 24.Rfb1 f5 25.g3 Qg5 26.h4 Qh6 27.Rxb7 Nxb7 28.Rxb7 Be8 29.Nb5 Nc5
30.Nxd6 Nxb7 31.Nxb7 Rb8 32.Qa7 Bh5 33.Bf1 Qf6 34.Nc5 Qc3 35.Ne6 Bf7 36.Qd4 Qxd4
37.Nxd4 Rb2 38.N2b3 a4 39.Nc5 g6 40.Nxa4 Rb1 41.Nc3 Rc1 42.Ndb5 Rc8 43.Kg2 Rxf1
44.Kxf1 Rxc4 45.Ke1 Rc5 46.d6 Kf8 47.Kd2 Ke8 48.Nd4 Kd7 49.Kc2 Kxd6 50.Kb2 Bc4
51.Nc2 Rc8 52.Nb4 Rb8 53.Nb1 Kc5 54.Nd2 Rd8 55.Kc3 Be6 56.Kc2 Kb5 57.Nb1 Bc4
58.Nc3+ Kc5 59.Na4+ Kb5 60.Nc3+ Kb6 61.Na4+ Kc7 62.Nc3 Ra8 63.Kb2 Kd6 64.Nb1 Kc5
65.Nd2 Rd8 66.Kc3 Be6 67.Kc2 Kb5 68.Nb1 Ka4 69.Nc6 Rc8 70.Nc3+ Kxa3 71.Nb5+ Ka2
72.Nc3+ Ka3 73.Nb5+ Ka4 74.Nc3+ Ka3  1/2-1/2

[Event "It"]
[Site "Tuzla BIH"]
[Date "2005.11.28"]
[Round "4"]
[White "Sprecic,M"]
[Black "Budimir,Bor"]
[Result "1-0"]
[WhiteElo "2306"]
[BlackElo "2288"]

1.d4 Nf6 2.Nf3 e6 3.c4 Bb4+ 4.Bd2 Qe7 5.a3 Bxd2+ 6.Nbxd2 d6 7.e3 e5 8.Qc2 O-O
9.Bd3 exd4 10.Nxd4 Nbd7 11.Nf5 Qe8 12.O-O Ne5 13.Nd4 Nxd3 14.Qxd3 a6 15.Rac1 b6
16.Rfe1 Bb7 17.f3 Rd8 18.e4 Qe5 19.b4 Rfe8 20.Nf1 c6 21.Qe3 c5 22.Nf5 a5
23.b5 g6 24.N5g3 Qb2 25.Re2 Qe5 26.Rd1 Kg7 27.Qd2 h5 28.Ne3 Nh7 29.Qe1 Nf8
30.Nd5 h4 31.f4 Qe6 32.Nc7 Qxc4 33.Nxe8+ Rxe8 34.Nf1 Ne6 35.Rxd6 Nxf4 36.Rf2 Nd3
37.Qa1+ Kg8 38.Nd2 Qc2 39.Rxf7  1-0

[Event "18th Belgrade Trophy"]
[Site "Obrenovac SCG"]
[Date "2005.11.29"]
[Round "8"]
[White "Nikolic,Br"]
[Black "Katic,G"]
[Result "0-1"]
[WhiteElo "2131"]
[BlackElo "2063"]

1.d4 Nf6 2.c4 e6 3.Nf3 Bb4+ 4.Bd2 c5 5.Nc3 cxd4 6.Nxd4 Nc6 7.Nc2 Bc5 8.e3 O-O
9.Be2 b6 10.O-O Bb7 11.Bf3 Qc8 12.Na4 Be7 13.Bc3 Rd8 14.b4 d5 15.c5 Ba6 16.Be2 Bxe2
17.Qxe2 bxc5 18.Nxc5 Nxb4 19.Nxb4 Qxc5 20.Rac1 Rdc8 21.Nd3 Qb5 22.Rb1 Qa6
23.Be5 Nd7 24.f4 f6 25.Ba1 Nc5 26.Rbd1 Nxd3 27.Rxd3 Rc6 28.e4 Bc5+ 29.Kh1 d4
30.e5 f5 31.g4 Rac8 32.Rfd1 Bb6 33.gxf5 Rc2 34.Qh5 Qb7+ 35.Qf3 Qxf3+ 36.Rxf3 exf5
37.Bxd4 Rc1 38.Rff1 Rxd1 39.Rxd1 Rd8 40.e6 Rxd4 41.Rc1  0-1

[Event "It"]
[Site "Tuzla BIH"]
[Date "2005.11.30"]
[Round "7"]
[White "Sprecic,M"]
[Black "Tomic,Bos"]
[Result "1/2-1/2"]
[WhiteElo "2306"]
[BlackElo "2334"]

1.d4 Nf6 2.Nf3 e6 3.c4 Bb4+ 4.Bd2 Qe7 5.a3 Bxd2+ 6.Qxd2 d6 7.Nc3 O-O 8.e3 e5
9.Be2 Nc6 10.Nd5 Qd8 11.O-O e4 12.Nxf6+ Qxf6 13.Ne1 Qh6 14.b4 Re8 15.Bd1 Ne7
16.Ba4 Rf8 17.Bc2 Bf5 18.f3 exf3 19.Rxf3 Bxc2 20.Nxc2 d5 21.cxd5 Nxd5 22.Qd3 f5
23.Raf1 g6 24.Qb5 Nb6 25.Qc5 Qg7 26.b5 Rfd8 27.a4 a5 28.bxa6 Rxa6 29.Ra1 Rd5
30.Qc3 Rda5 31.Nb4 Ra8 32.Nd3 Rxa4 33.Rxa4 Rxa4 34.Nc5 Rc4 35.Qa3 Qe7 36.Qb2 Nd5
37.Nxb7 Qh4 38.h3 Qe1+ 39.Kh2 Nxe3 40.Qb3 Nf1+ 41.Rxf1 Qxf1 42.Na5 Qf4+ 43.Kh1 Qc1+
44.Kh2 Qf4+ 45.Kh1 Qf1+ 46.Kh2  1/2-1/2

[Event "2nd Bundesliga West 2005-6"]
[Site "Austria AUT"]
[Date "2005.12.03"]
[Round "4"]
[White "Maux,M"]
[Black "Bertagnolli,A"]
[Result "0-1"]
[WhiteElo "2118"]
[BlackElo "2281"]

1.Nf3 Nf6 2.d4 e6 3.c4 Bb4+ 4.Bd2 Qe7 5.Nc3 b6 6.e3 Bb7 7.Bd3 O-O 8.O-O d6
9.Re1 Nbd7 10.e4 Bxc3 11.Bxc3 e5 12.d5 c5 13.a4 Ne8 14.Bd2 Nc7 15.Ng5 f6
16.Nh3 Rf7 17.a5 Ba6 18.Qe2 Rb8 19.axb6 axb6 20.Reb1 Qe8 21.Ra2 b5 22.Ra5 bxc4
23.Bxc4 Bxc4 24.Qxc4 Nb6 25.Qa2 Nb5 26.f3 Rfb7 27.Nf2 Nd4 28.Bc3 Qc8 29.Nd1 Nd7
30.Qc4 Nb6 31.Qa2 c4 32.Ne3 Nb3 33.Ra7 Qc5 34.Kf2 f5 35.Ke2 fxe4 36.fxe4 Nd4+
37.Bxd4 exd4 38.Rxb7 Rxb7 39.Nf5 g6 40.Qa6 d3+ 41.Kd2 Qf2+ 42.Kc3 Nxd5+ 43.exd5 Rb3+
44.Kxc4 Qc2+ 45.Kd4 Rb4+ 46.Ke3 Qe2+  0-1

[Event "TCh-CZE Extraliga 2005-6"]
[Site "Czech Rep CZE"]
[Date "2005.12.04"]
[Round "6"]
[White "Polak,T"]
[Black "Bernasek,J"]
[Result "1-0"]
[WhiteElo "2499"]
[BlackElo "2440"]

1.d4 Nf6 2.c4 e6 3.Nf3 Bb4+ 4.Bd2 Qe7 5.g3 Nc6 6.Bg2 Ne4 7.O-O Bxd2 8.Nbxd2 Nxd2
9.Qxd2 d6 10.d5 Nb8 11.dxe6 Bxe6 12.Nd4 Bc8 13.b4 O-O 14.Rac1 a5 15.bxa5 Ra6
16.Rfd1 Nc6 17.Bxc6 bxc6 18.c5 Bd7 19.Nb3 d5 20.Rc3 Bg4 21.Re3 Qd7 22.Qd4 Bf5
23.Rc1 f6 24.h4 h6 25.Kh2 Raa8 26.Qd2 Ra6 27.Nd4 Rfa8 28.Ra3 g5 29.Rf3 Be4
30.Rxf6 Qg7 31.Re6 Rxa5 32.f3 Rxa2 33.Qe3 R8a3 34.Rc3 Rxc3 35.Qxc3 gxh4 36.fxe4 Ra4
37.Re8+ Kh7 38.exd5 Qxd4 39.Qxd4 hxg3+ 40.Kxg3 Rxd4 41.Re7+ Kg6 42.Re6+ Kg5
43.Rxc6 Rxd5 44.Rxc7 Kf5 45.Kf3 Ke5 46.Ke3 Ke6 47.Ke4 Re5+ 48.Kd3 Kd5 49.Rc8 Re7
50.e4+ Ke5 51.Rh8 Re6 52.Rf8 Rc6 53.Rf5+ Ke6 54.Rh5 Kd7 55.Kd4 Rg6 56.Kd5 Ke7
57.Rh1 Rg7 58.e5 h5  1-0

[Event "FSGMA December"]
[Site "Budapest HUN"]
[Date "2005.12.05"]
[Round "3"]
[White "Farago,I"]
[Black "Turov,M"]
[Result "1/2-1/2"]
[WhiteElo "2512"]
[BlackElo "2546"]

1.d4 Nf6 2.c4 e6 3.Nf3 Bb4+ 4.Bd2 a5 5.g3 O-O 6.Bg2 b6 7.O-O Ba6 8.a3 Bxd2
9.Nbxd2 Bb7 10.Ne1 Bxg2 11.Nxg2  1/2-1/2

[Event "FSGMB December"]
[Site "Budapest HUN"]
[Date "2005.12.05"]
[Round "3"]
[White "Ilincic,Z"]
[Black "Slavina,I"]
[Result "1-0"]
[WhiteElo "2540"]
[BlackElo "2385"]

1.d4 Nf6 2.c4 e6 3.Nf3 Bb4+ 4.Bd2 a5 5.Qc2 O-O 6.e4 d6 7.Bd3 Nc6 8.Nc3 e5
9.d5 Bxc3 10.Bxc3 Ne7 11.Nh4 Nd7 12.g3 Nc5 13.O-O-O f5 14.f4 exf4 15.e5 dxe5
16.Bxe5 fxg3 17.hxg3 Ra6 18.Qh2 Nxd3+ 19.Rxd3 Nc6 20.Nf3 h6 21.Bxg7 Nb4 22.Bxh6 Nxd3+
23.Kd2 Ne1 24.Nxe1 Re8 25.Be3 Qe7 26.Bd4 Qg5+ 27.Kc3 Kf8 28.Nf3 Re3+ 29.Bxe3 Qxe3+
30.Kc2 Be6 31.dxe6 Qe4+ 32.Kc1 Qxc4+ 33.Qc2 Qxe6 34.Rh8+ Kg7 35.Qc3+ Qf6
36.Rc8 Qxc3+ 37.bxc3 Rc6 38.Kd2 Kf6 39.Rf8+  1-0

[Event "Stone Flower"]
[Site "Nishnij Tagil RUS"]
[Date "2005.12.10"]
[Round "5"]
[White "Lysyj,I"]
[Black "Maletin,P"]
[Result "1/2-1/2"]
[WhiteElo "2500"]
[BlackElo "2516"]

1.d4 Nf6 2.c4 e6 3.Nf3 Bb4+ 4.Bd2 a5 5.Nc3 d6 6.Qc2 Qe7 7.a3 Bxc3 8.Bxc3 Nbd7
9.b4 e5 10.e3 O-O 11.Be2 e4 12.Nd2 axb4 13.axb4 Rxa1+ 14.Bxa1 Re8 15.d5 Nf8
16.O-O Bf5 17.Bd4 Ng4 18.h3 Ne5 19.Nxe4 Nc6 20.dxc6 Bxe4 21.Qc3 Ne6 22.cxb7 Qg5
23.Bg4 Bxb7 24.f4 Qh4 25.Bxe6 Rxe6 26.f5 Qg5 27.Qb2 Rh6 28.Kh2 Be4 29.Qf2 c5
30.bxc5 dxc5 31.Qb2 Rb6 32.Qe2 Qe7 33.Bc3 Qd6+ 34.Rf4 Bxf5 35.Qd2 Qxd2 36.Bxd2 Be6
37.Ba5 Ra6 38.Bc7 g5 39.Rf2 Rc6 40.Bd8 Bxc4 41.Bxg5 Kg7 42.Bf4 f6 43.Rd2 Be6
44.Rd6 Rxd6 45.Bxd6 c4 46.Bb4 Kg6 47.g4 h5  1/2-1/2

[Event "It"]
[Site "Dnepropetrovsk UKR"]
[Date "2005.12.12"]
[Round "7"]
[White "Anapolsky,S"]
[Black "Kholmov,R"]
[Result "1/2-1/2"]
[WhiteElo "2429"]
[BlackElo "2422"]

1.d4 Nf6 2.Nf3 e6 3.c4 Bb4+ 4.Bd2 Bxd2+ 5.Qxd2 d5 6.g3 O-O 7.Bg2 Qe7 8.O-O c6
9.Qc2 Rd8 10.Nbd2 Nbd7 11.Rad1 b6 12.e4 Bb7 13.Rfe1 Rac8 14.a3 dxe4 15.Nxe4 c5
16.d5 exd5 17.Nc3 Qf8 18.cxd5 a6 19.Ng5 Re8 20.Nge4 Rcd8 21.a4 h6 22.h3 Nxe4
23.Nxe4 Re5 24.Nc3 Rxe1+ 25.Rxe1 Nf6 26.Qb3 Qd6 27.Ne4 Nxe4 28.Bxe4 Kf8 29.Bf3 Bc8
30.h4 Bd7 31.Qd3 Qf6 32.b3 g6 33.Bg2 a5 34.Qd2 Kg7 35.Re3 Re8 36.Rxe8 Bxe8
37.Bf1 Bd7 38.f4 Kf8 39.d6 Qd4+ 40.Qxd4 cxd4 41.Bc4 Ke8 42.Kf2  1/2-1/2

[Event "12th Open"]
[Site "Zadar CRO"]
[Date "2005.12.15"]
[Round "6"]
[White "Gagarin,V"]
[Black "Drasko,M"]
[Result "1/2-1/2"]
[WhiteElo "2422"]
[BlackElo "2528"]

1.d4 e6 2.c4 Nf6 3.Nf3 Bb4+ 4.Bd2 c5 5.Bxb4 cxb4 6.g3 O-O 7.Bg2 d6 8.O-O Nc6
9.Nbd2 e5 10.d5 Nb8 11.a3 Na6 12.Ne1 Qb6  1/2-1/2

[Event "TCh-NED 2005-6"]
[Site "Netherlands NED"]
[Date "2005.12.17"]
[Round "5"]
[White "Goormachtigh,J"]
[Black "Sievers,S"]
[Result "1/2-1/2"]
[WhiteElo "2231"]
[BlackElo "2372"]

1.d4 Nf6 2.c4 e6 3.Nf3 Bb4+ 4.Bd2 Qe7 5.g3 Nc6 6.Nc3 Bxc3 7.Bxc3 Ne4 8.Rc1 d6
9.Bg2 Nxc3 10.Rxc3 e5 11.d5 Nb8 12.Qc2 Nd7 13.b4 a5 14.Ra3 O-O 15.Rxa5 Rxa5
16.bxa5 Nc5 17.Nd2 Bd7 18.Nb3 Ba4 19.Qc3 Na6 20.O-O f5 21.e3 c5 22.f4 Re8
23.fxe5 Qxe5 24.Qxe5 Rxe5 25.Nd2 Rxe3 26.Rxf5 Nb4 27.Rf3 Re7 28.Bh3 Bd7 29.Bxd7 Rxd7
30.a3 Nc2 31.Ne4 Nd4 32.Rf2 Nb3 33.Rb2 Nxa5 34.Nd2 Rd8 35.Rb5 Ra8 36.Kf2 Kf7
37.Ke3 Kf6 38.Ke4 h6 39.h3  1/2-1/2

[Event "5th Amplico AIG Life"]
[Site "Warsaw POL"]
[Date "2005.12.17"]
[Round "2"]
[White "Jaracz,P"]
[Black "Leks,H"]
[Result "1-0"]
[WhiteElo "2492"]
[BlackElo "2209"]

1.d4 Nf6 2.c4 e6 3.Nf3 Bb4+ 4.Bd2 Qe7 5.g3 Nc6 6.e3 O-O 7.Bg2 b6 8.O-O Bb7
9.Bxb4 Qxb4 10.Qc2 Rab8 11.a3 Qe7 12.b4 d6 13.Nc3 e5 14.d5 Nd8 15.e4 Nd7
16.Ne1 c5 17.Nd3 Ba6 18.b5 Bc8 19.f4 f6 20.Bh3 Nf7 21.Be6 Kh8 22.a4 Re8 23.a5 Nf8
24.f5 Bxe6 25.dxe6 Nh6 26.Nd5 Qd8 27.axb6 axb6 28.Ra7 Ng8 29.Rfa1 Ne7 30.Nb2 Nxd5
31.cxd5 Re7 32.Nc4 h6 33.Rxe7 Qxe7 34.Ra6 Qc7 35.Qa2 Kg8 36.Ra7 Rb7 37.Rxb7 Qxb7
38.Qa6  1-0

[Event "Harmonie Open A"]
[Site "Groningen NED"]
[Date "2005.12.29"]
[Round "7"]
[White "De Jong,M"]
[Black "Wielenga,W"]
[Result "1/2-1/2"]
[WhiteElo "2277"]
[BlackElo "2161"]

1.Nf3 Nf6 2.d4 e6 3.c4 Bb4+ 4.Bd2 a5 5.g3 O-O 6.Bg2 b6 7.Ne5 Ra7 8.O-O Ba6
9.Qc2 c5 10.Bxb4 axb4 11.Rd1 Qc7 12.e3 d6 13.Nd3 Bb7 14.Bxb7 Qxb7 15.dxc5 dxc5
16.a4  1/2-1/2

[Event "8th Hilton Schachfestival"]
[Site "Basel SUI"]
[Date "2006.01.02"]
[Round "2"]
[White "Izsak,Gyu"]
[Black "Sokolov,And1"]
[Result "0-1"]
[WhiteElo "2431"]
[BlackElo "2632"]

1.d4 Nf6 2.Nf3 e6 3.c4 Bb4+ 4.Bd2 Bxd2+ 5.Qxd2 O-O 6.Nc3 d6 7.g3 Qe7 8.Bg2 e5
9.O-O Re8 10.e4 Bg4 11.Ne1 Nc6 12.f3 Bd7 13.Nc2 Nxd4 14.Nxd4 exd4 15.Qxd4 Qe5
16.Qxe5 dxe5 17.Nd5 Nxd5 18.cxd5 Kf8 19.Rac1 Rac8 20.Rfd1 Ke7 21.Rxc7 Rxc7
22.d6+ Kd8 23.dxc7+ Kxc7 24.Rc1+ Kb6 25.Kf2 Rc8 26.Rxc8 Bxc8 27.Ke3 Ka5 28.Kd3 Kb4
29.Kc2 Kc4 30.Bf1+ Kd4 31.Kd2 g5 32.g4 Be6 33.b3 a6 34.Bd3 f6 35.Bf1 Bf7
36.Bd3 Be6 37.Bf1 Bf7 38.Bd3 h6 39.Bf1 Be6 40.Bd3 Bg8 41.Bf1 Bf7 42.Bd3 h5
43.h3 h4 44.Be2 Be6 45.Bd3 a5 46.Bb5 Kc5 47.Be8 Kb4 48.Kc2 a4  0-1

[Event "Masters"]
[Site "Hastings ENG"]
[Date "2006.01.03"]
[Round "7"]
[White "Gilbert,Je"]
[Black "Kobese,W"]
[Result "0-1"]
[WhiteElo "2148"]
[BlackElo "2400"]

1.d4 Nf6 2.c4 e6 3.Nf3 Bb4+ 4.Bd2 Qe7 5.g3 Nc6 6.Nc3 O-O 7.Bg2 d6 8.O-O a5
9.d5 Nb8 10.b3 e5 11.a3 Bc5 12.Bg5 h6 13.Bxf6 Qxf6 14.Ne4 Qe7 15.Nxc5 dxc5
16.e3 Nd7 17.Qc2 a4 18.bxa4 e4 19.Nd2 f5 20.Rae1 Ne5 21.f3 exf3 22.Nxf3 Bd7
23.Qc3 Nxf3+ 24.Bxf3 Rxa4 25.e4 b5 26.exf5 Qd6 27.cxb5 Rxf5 28.Qb3 Rd4 29.a4 c4
30.Qc2 Qc5 31.Kh1 c3 32.Rc1 Rxf3 33.Rxf3 Qxd5 34.Qxc3 Bg4 35.Rf1 Rd1 36.Kg1 Bxf3  0-1

[Event "8th Hilton Schachfestival"]
[Site "Basel SUI"]
[Date "2006.01.06"]
[Round "6"]
[White "Zanetti,B"]
[Black "Nemet,I"]
[Result "1/2-1/2"]
[WhiteElo "2049"]
[BlackElo "2373"]

1.d4 Nf6 2.c4 e6 3.Nf3 Bb4+ 4.Bd2 a5 5.Nc3 O-O 6.Qc2 Bxc3 7.Bxc3 d5 8.e3 b6
9.Be2 Ba6 10.b3 Nbd7 11.O-O Ne4 12.Bb2 f5  1/2-1/2

[Event "Petrovskaya Ladya IM"]
[Site "Peterhof RUS"]
[Date "2006.01.07"]
[Round "5"]
[White "Lupik,M"]
[Black "Itkis,B"]
[Result "0-1"]
[WhiteElo "2226"]
[BlackElo "2474"]

1.d4 Nf6 2.c4 e6 3.Nf3 Bb4+ 4.Bd2 c5 5.Qc2 Nc6 6.e3 O-O 7.dxc5 Bxc5 8.Nc3 b6
9.a3 Bb7 10.Be2 Rc8 11.O-O Be7 12.Rfd1 Na5 13.b3 d5 14.Nb5 a6 15.Nbd4 Qc7
16.Qb2 dxc4 17.Bxa5 c3 18.Bxc3 Qxc3 19.Qxc3 Rxc3 20.Bc4 b5 21.Ne2 Rc2 22.Ned4 Rb2
23.Bd3 Ne4 24.Bxe4 Bxe4 25.a4 Bxf3 26.gxf3 Bh4 27.Rf1 Bf6 28.axb5 Bxd4 29.exd4 axb5
30.Rfb1 Rxb1+ 31.Rxb1 Rc8 32.Ra1 Kf8 33.Ra5 b4 34.Rb5 Rc3 35.Rxb4 Rxf3 36.Rb7 Rd3
37.b4 Rxd4 38.Rb8+ Ke7 39.b5 Rb4 40.b6 Kf6 41.b7 h6 42.Kg2 Rb3 43.Kg1 Kg6
44.Kg2 h5 45.Kg1 Kh7 46.Kg2 g6 47.Kg1 Kg7 48.Kg2 Kf6 49.Kg1 Kf5 50.Kf1 Rb2
51.Kg1 Kf4 52.Kg2 e5 53.h3 e4 54.h4 Rb1 55.Kh3 Kf3 56.Kh2 f5 57.Rg8 Rxb7
58.Rxg6 Kxf2 59.Rg5 Rb5  0-1

[Event "10th Open"]
[Site "Bad Zwesten GER"]
[Date "2006.01.08"]
[Round "9"]
[White "Shneider,A"]
[Black "Thinius,M"]
[Result "1/2-1/2"]
[WhiteElo "2529"]
[BlackElo "2353"]

1.d4 Nf6 2.c4 e6 3.Nf3 Bb4+ 4.Bd2 a5 5.g3 d6 6.Bg2 Nbd7 7.O-O e5 8.Nc3 O-O
9.Qc2 Re8 10.Rad1 e4 11.Ng5 Bxc3 12.Bxc3 Qe7 13.Qc1 h6 14.Nh3 Nb6 15.b3 a4
16.d5 axb3 17.axb3 Bg4 18.Qb2 Nbd7 19.f3 Bf5 20.Nf2 Qf8 21.Ra1 exf3 22.exf3 h5
23.Rxa8 Rxa8 24.h3 Bh7 25.g4 hxg4 26.hxg4 Re8 27.Qc1 Ne5 28.Qd1 Nfd7 29.f4 Ng6
30.Qd4 f6 31.b4 b6 32.Kh2 Re2 33.Bf3 Re8 34.Kg3 Qf7 35.Rh1 Ngf8 36.Ne4 Qg6
37.f5 Qf7 38.Nf2 Ne5 39.Bg2 g6 40.Qf4 gxf5 41.gxf5 Qg7+ 42.Kh2 Qg5 43.Qxg5+ fxg5
44.Be4 Kf7 45.Kg3 Nxc4 46.Kg4 Bg8 47.f6 Ne3+ 48.Kxg5 Rxe4 49.Nxe4 Nh7+ 50.Kh6 Ng4+
51.Kh5 Nhxf6+ 52.Nxf6 Nxf6+ 53.Bxf6 Kxf6 54.Rc1 Bxd5 55.Rxc7 Ke5 56.b5 Bf3+
57.Kh4 Kd5 58.Rc6 Be2 59.Kg5 Bd3 60.Kg4  1/2-1/2

[Event "12th Open A"]
[Site "Bosnjaci CRO"]
[Date "2006.01.08"]
[Round "9"]
[White "Sertic,Ru"]
[Black "Rukavina,Dar"]
[Result "1-0"]
[WhiteElo "2319"]
[BlackElo "2225"]

1.d4 Nf6 2.c4 e6 3.Nf3 Bb4+ 4.Bd2 Qe7 5.g3 O-O 6.Bg2 Nc6 7.O-O Bxd2 8.Qxd2 d6
9.Nc3 e5 10.d5 Nb8 11.e4 a5 12.Ne1 Ne8 13.Nd3 Nd7 14.f4 Nc5 15.f5 Bd7 16.Rad1 f6
17.b3 g5 18.Nc1 Na6 19.a3 c5 20.dxc6 bxc6 21.Na4 Nac7 22.c5 Nb5 23.Nb6 Ra7
24.b4 axb4 25.axb4 Nd4 26.Nd3 Nc7 27.cxd6 Qxd6 28.Nc5 Bc8 29.Rf2 Ncb5 30.Nc4 Qe7
31.Bf1 Rd8 32.Qc1 Bd7 33.Na5 Be8 34.Rd3 Kh8 35.g4 Bf7 36.Rh3 Nd6 37.Ra3 Rda8
38.Re3 Rb8 39.Rb2 N6b5 40.h3 Nd6 41.Qc3 N6b5 42.Qc1 Nc7 43.Nd3 Rb6 44.Rh2 Na6
45.h4 Nxb4 46.Nxb4 Rxa5 47.hxg5 fxg5 48.Reh3 h5 49.Nd5 cxd5 50.Qc8+ Kg7 51.Rxh5 Bg8
52.Rh8 Qf7 53.Rxg8+ Qxg8 54.Qc7+ Qf7 55.Rh7+ Kxh7 56.Qxf7+ Kh6 57.Qf8+ Kh7
58.Qe7+ Kg8 59.Qd8+ Kf7 60.Qc7+ Kf8 61.Qxb6 Ra2 62.Qd6+  1-0

[Event "Keres Mem Women"]
[Site "Tallin EST"]
[Date "2006.01.09"]
[Round "2"]
[White "Piarnpuu,L"]
[Black "Batyte,D"]
[Result "1/2-1/2"]
[WhiteElo "2174"]
[BlackElo "2162"]

1.d4 Nf6 2.Nf3 e6 3.c4 Bb4+ 4.Bd2 a5 5.g3 b6 6.Bg2 Bb7 7.O-O O-O 8.Bg5 Be7
9.Nc3 h6 10.Bf4 d6 11.Qc2 Nbd7 12.e4 Ba6 13.b3 d5 14.exd5 exd5 15.Ne5 Bb7
16.cxd5 Nxe5 17.dxe5 Nxd5 18.Nxd5 Bxd5 19.Rad1 c6 20.Rd3 Qd7 21.Rfd1 Rac8
22.Bxd5 cxd5 23.Qd2 Qf5 24.Qe2 g5 25.Be3 Qxe5 26.Rxd5 Qe6 27.Rb5 Rfd8 28.Rxd8+  1/2-1/2

[Event "Keres Mem B"]
[Site "Tallin EST"]
[Date "2006.01.10"]
[Round "5"]
[White "Starostits,A"]
[Black "Smirnov,Arte"]
[Result "0-1"]
[WhiteElo "2377"]
[BlackElo "2376"]

1.d4 Nf6 2.c4 e6 3.Nf3 Bb4+ 4.Bd2 c5 5.g3 O-O 6.Bg2 d6 7.O-O Nc6 8.Be3 Qe7
9.Nc3 Bxc3 10.bxc3 Na5 11.Qd3 e5 12.Nd2 Bg4 13.Rae1 h6 14.f4 e4 15.Nxe4 Nxe4
16.Bxe4 Rae8 17.Bh7+ Kh8 18.Bc1 g6 19.Bxg6 fxg6 20.Qxg6 Qe6 21.Qxe6 Bxe6
22.dxc5 dxc5 23.e4 Bxc4 24.Rf2 Bd3 25.e5 Bf5 26.Kg2 Nc4 27.h3 h5 28.Rfe2 Kg7
29.Rh1 Kf7 30.Kf3 Rg8 31.Be3 b6 32.Bf2 Rd8 33.Kg2 Ke6 34.a4 Rd3 35.Rc1 Rgd8
36.Ra2 Rd2 37.Raa1 Rb2  0-1

[Event "Keres Mem B"]
[Site "Tallin EST"]
[Date "2006.01.11"]
[Round "6"]
[White "Volodin,Alek"]
[Black "Akesson,J"]
[Result "1/2-1/2"]
[WhiteElo "2244"]
[BlackElo "2346"]

1.d4 e6 2.Nf3 Nf6 3.c4 Bb4+ 4.Bd2 Qe7 5.g3 Nc6 6.Bg2 Bxd2+ 7.Nbxd2 O-O 8.O-O d6
9.e4 e5 10.d5 Nb8 11.b4 a5 12.a3 Na6 13.Ne1 c6 14.dxc6 bxc6 15.Nd3 Bg4 16.f3 Be6
17.Qe2 Qb7 18.Rfb1 axb4 19.axb4 Nc7 20.Qe3 Nd7 21.Bf1 Rxa1 22.Rxa1 Ra8 23.Qe1 Qb6+
24.Kg2 Qd4 25.Rxa8+ Nxa8 26.Qc1 Nab6 27.Nb2 Qe3 28.Qc2 g6 29.Qd3  1/2-1/2

[Event "13th I.Stepichev Mem"]
[Site "Kyiv UKR"]
[Date "2006.01.12"]
[Round "5"]
[White "Kruglyakov,P"]
[Black "Semenov,D UKR"]
[Result "1/2-1/2"]
[WhiteElo "2238"]
[BlackElo "2342"]

1.d4 Nf6 2.c4 e6 3.Nf3 Bb4+ 4.Bd2 Bxd2+ 5.Qxd2 d5 6.Nc3 O-O 7.g3 c6 8.Bg2 Nbd7
9.O-O dxc4 10.e4 b5 11.e5 Nd5 12.Ne4 Qe7 13.a4 a6 14.Nd6 N7b6 15.a5 Nd7 16.Rfe1 Rb8
17.Ng5 f5 18.h4 Bb7 19.Nh3 Ba8 20.Nf4 Nxf4 21.Qxf4 Rfd8 22.Rad1 Nf8 23.h5 h6
24.Qe3 Qc7 25.Qa3 Nd7 26.b4 Nf8 27.Qe3 Rxd6 28.exd6 Qxd6 29.Qe5 Rd8 30.Qc5 Rd7
31.f4 Nh7 32.Bf3 Nf6 33.Re5 Qxc5 34.dxc5 Rxd1+ 35.Bxd1 Kf7 36.Re2 Nd5 37.Rb2 Kf6
38.Kf2 Bb7 39.Bf3 Bc8 40.Rd2 Bd7 41.Rd1  1/2-1/2

[Event "2nd Bundesliga Ost 2005-6"]
[Site "Austria AUT"]
[Date "2006.01.14"]
[Round "5"]
[White "Pachta,P"]
[Black "Schneider Zinner,H"]
[Result "1-0"]
[WhiteElo "2237"]
[BlackElo "2384"]

1.d4 e6 2.c4 Nf6 3.Nf3 Bb4+ 4.Bd2 Qe7 5.a3 Bxd2+ 6.Nbxd2 d6 7.g3 e5 8.dxe5 dxe5
9.Qb3 e4 10.Nd4 O-O 11.Bg2 Rd8 12.Nc2 Na6 13.Qc3 Bg4 14.h3 Bh5 15.g4 Bg6
16.Ne3 Nc5 17.Rd1 Ne6 18.Qe5 Nd7 19.Qg3 Ndc5 20.b4 Na4 21.Nd5 Rxd5 22.cxd5 Nd4
23.Nc4 Nc2+ 24.Kf1 e3 25.Nxe3 Re8 26.Rc1 Nc3 27.Qf3 Nd4 28.Nf5 Bxf5 29.Qxc3 Nxe2
30.Qxc7 Qg5 31.Rd1 Nf4 32.Bf3 Bd3+ 33.Kg1 Be2 34.Re1 h5 35.Qc2 Qe5 36.d6 Qxd6
37.Bxe2 Qd5 38.Rh2 Qe5 39.f3 Qe3+ 40.Kf1 Qxa3 41.Qd2 Nxe2 42.Kf2  1-0

[Event "13th I.Stepichev Mem"]
[Site "Kyiv UKR"]
[Date "2006.01.14"]
[Round "7"]
[White "Kruglyakov,P"]
[Black "Kosikov,Al"]
[Result "1/2-1/2"]
[WhiteElo "2238"]
[BlackElo "2427"]

1.d4 Nf6 2.c4 e6 3.Nf3 Bb4+ 4.Bd2 Qe7 5.g3 O-O 6.Bg2 Bxd2+ 7.Qxd2 d6 8.O-O e5
9.d5 a5 10.Nc3 Na6 11.e4 Nc5 12.Ne1 c6 13.Nd3 Nxd3 14.Qxd3 cxd5 15.exd5 Nd7
16.Na4 f5 17.f4 e4 18.Qd4 Qd8 19.a3 b6 20.b4 Ba6 21.Rfc1 b5 22.cxb5 Bxb5
23.Nc3 Bd3 24.Bf1 Bxf1 25.Kxf1 Qb6 26.Ne2 g6 27.Rab1 axb4 28.Rxb4 Qxd4 29.Nxd4 Nc5
30.Ne6 Rf7 31.Nxc5 dxc5 32.Rxc5 Rxa3 33.Rd4 Rd7 34.d6 Kf7 35.Rcd5 Ra2 36.h4 h5
37.Rd1 Ra3 38.Kg2 Rc3 39.Re5 Rc6 40.Red5 Rc8 41.R1d2 Re8 42.Re2 Re6 43.Red2 Rf6
44.Rd1 Ke8 45.Re5+ Kd8 46.Red5 Re6 47.R1d2 Rb7 48.Ra5 Kd7 49.Ra6 Re8 50.Re2 Re6
51.Rd2 Re8  1/2-1/2

[Event "63rd ch-GEO w"]
[Site "Tbilisi GEO"]
[Date "2006.01.15"]
[Round "6"]
[White "Javakhishvili,L"]
[Black "Purtseladze,M"]
[Result "1-0"]
[WhiteElo "2444"]
[BlackElo "2341"]

1.d4 Nf6 2.c4 e6 3.Nf3 Bb4+ 4.Bd2 Bxd2+ 5.Nbxd2 O-O 6.e4 d6 7.Be2 e5 8.O-O Nc6
9.d5 Ne7 10.b4 Ng6 11.Re1 Nf4 12.Bf1 c6 13.Qb3 cxd5 14.exd5 b5 15.cxb5 Bb7
16.g3 Bxd5 17.Bc4 Bxc4 18.Nxc4 N4d5 19.a4 Qd7 20.Rac1 Rad8 21.Ne3 Nxe3 22.Rxe3 Qh3
23.Re2 Ng4 24.Qd1 d5 25.Qf1 Qxf1+ 26.Kxf1 f6 27.Rc7 d4 28.h3 d3 29.Re1 e4
30.Nd2 Nh2+ 31.Kg2 Nf3 32.Nxf3 exf3+ 33.Kxf3 d2 34.Rd1 Rfe8 35.Rc2 Rd3+ 36.Kg2 Red8
37.Rc7 R8d7 38.Rxd7 Rxd7 39.a5 Rd4 40.a6 Kf7 41.b6 axb6 42.a7 Rd8 43.Rxd2 Ra8
44.Rd7+ Ke6 45.Rxg7 h5 46.Rb7 Ke5 47.Rxb6 Rxa7 48.Rb5+ Ke4 49.Rxh5 Rb7 50.Rh4+ Ke5
51.Rf4 f5 52.h4  1-0

[Event "4th Parsvnath Open"]
[Site "New Delhi IND"]
[Date "2006.01.19"]
[Round "7"]
[White "Zhumabaev,R"]
[Black "Ramesh,R"]
[Result "1-0"]
[WhiteElo "2405"]
[BlackElo "2491"]

1.d4 Nf6 2.c4 e6 3.Nf3 Bb4+ 4.Bd2 c5 5.Bxb4 cxb4 6.g3 O-O 7.Bg2 d6 8.O-O Re8
9.a3 bxa3 10.b4 Qb6 11.Qd2 Nc6 12.b5 Na5 13.Qb4 Qc7 14.Nfd2 Rb8 15.c5 b6
16.cxd6 Qd8 17.e4 e5 18.f4 exd4 19.Qxd4 Nd7 20.Rxa3 Nc5 21.e5 Bd7 22.Nc3 Rc8
23.f5 a6 24.bxa6 Nxa6 25.e6 fxe6 26.f6 gxf6 27.Rxf6 e5 28.Bd5+ Kh8 29.Qh4 Nc5
30.Nde4 Ne6 31.Bxe6 Bxe6 32.Ng5 Bg8 33.Rf7  1-0

[Event "2nd Bundesliga West 2005-6"]
[Site "Austria AUT"]
[Date "2006.01.22"]
[Round "8"]
[White "Hicker,H"]
[Black "Bertagnolli,A"]
[Result "0-1"]
[WhiteElo "2156"]
[BlackElo "2281"]

1.d4 Nf6 2.Nf3 e6 3.c4 Bb4+ 4.Bd2 Qe7 5.e3 b6 6.Bxb4 Qxb4+ 7.Qd2 Qxd2+ 8.Nbxd2 Bb7
9.Be2 d6 10.O-O Nbd7 11.Rfd1 Ke7 12.Ne1 c5 13.Bf3 Bxf3 14.Nexf3 Rac8 15.Rac1 Rc7
16.Ne1 cxd4 17.exd4 Rhc8 18.Nd3 d5 19.b3 Nb8 20.cxd5 Nxd5 21.Rxc7+ Rxc7 22.Rc1 Rxc1+
23.Nxc1 Nc3 24.Nf3 Nc6 25.Kf1 Kd6 26.Ke1 Kd5 27.Kd2 Nb5 28.Ng5 f6 29.Nxh7 Nbxd4
30.h4 e5 31.h5 Ke6 32.Nf8+ Kf5 33.Ne2 Nxe2 34.Kxe2 Nd4+ 35.Ke3 Kg4 36.Ke4 Kxh5
37.f4 Nc6 38.Ne6 exf4 39.Nxg7+ Kg4 40.Nf5 Nb4 41.a4 Na6 42.Nd4 Nc5+ 43.Kd5 Kg3
44.Ne2+ Kxg2 45.Nxf4+ Kf3 46.Nh5 f5 47.a5 Kg4 48.axb6 axb6 49.Nf6+ Kg5 50.Nh7+ Kh6
51.Nf8 f4 52.Kd4 Kg7 53.b4 Kxf8 54.bxc5 b5 55.Ke4 b4 56.Kxf4 b3 57.Ke5 b2
58.c6 b1=Q 59.c7 Qc2  0-1